| 000 | 00506nam a2200169Ia 4500 | ||
|---|---|---|---|
| 008 | 090201s9999 xx 000 0 und d | ||
| 010 | _aKPL-38402 | ||
| 040 | _bमराठी | ||
| 041 | _aमराठी | ||
| 082 |
_a19787 _b38402 |
||
| 100 | _aगुरुनाथ नाईक | ||
| 245 |
_aनागमणी _cगुरुनाथ नाईक |
||
| 260 |
_c2004 _bप्रिया प्रकाशन |
||
| 300 |
_a208 _bमोठा |
||
| 600 | _aनागमणी | ||
| 942 | _cBOOK | ||
| 999 |
_c219594 _d219594 |
||